| 000 | 00514 a2200181 4500 | ||
|---|---|---|---|
| 003 | OSt | ||
| 005 | 20250520152228.0 | ||
| 008 | 231214b |||||||| |||| 00| 0 eng d | ||
| 020 | _a9788174825278 | ||
| 040 | _coclc | ||
| 082 |
_a530 _bTOM/U |
||
| 100 |
_aTomar, Surekha _98439 |
||
| 245 |
_aUPKAR'S CSIR-UGC NET/JRF/SET Physical Sciences / _cDr. Surekha Tomar |
||
| 250 | _a5th ed. | ||
| 260 |
_aAgra: _bUpkar prakashan, |
||
| 300 | _a912p | ||
| 942 |
_2ddc _cBK _h530 _iTOM/U _k530 _mTOM/U |
||
| 999 |
_c44224 _d44224 |
||